MARC

LEADER 00000nam0a2200000 4500
001 327379
005 20231102003944.0
035 |a (RuTPU)RU\TPU\book\353050 
090 |a 327379 
100 |a 20170130d1977 km y0rusy50 ca 
101 0 |a rus 
102 |a RU 
105 |a a z 001zy 
200 1 |a Обогатимость минеральных комплексов  |f Л. А. Барский, Л. М. Данильченко 
210 |a Москва  |c Недра  |d 1977 
215 |a 240 с.  |c ил. 
320 |a Библиогр.: с. 230-239 
606 1 |a Руды  |x Обогатимость  |x Определение  |2 stltpush  |3 (RuTPU)RU\TPU\subj\26115  |9 50119 
610 1 |a минеральные комплексы 
610 1 |a минеральное сырье 
610 1 |a компоновка 
610 1 |a технологические схемы 
610 1 |a переработка 
610 1 |a минералы 
610 1 |a промышленные месторождения 
610 1 |a физические свойства 
610 1 |a химические свойства 
610 1 |a флотационные свойства 
610 1 |a геолого-петрологическая характеристика 
610 1 |a анализ 
675 |a 622.7.017  |v 4 
700 1 |a Барский  |b Л. А.  |g Лев Абрамович 
701 1 |a Данильченко  |b Л. М.  |g Людмила Михайловна 
801 1 |a RU  |b 63413507  |c 20170130 
801 2 |a RU  |b 63413507  |c 20170201  |g RCR 
942 |c BK